Likvidácia štátnych podnikov

Z obsahu: Minister privatizácie rozšafne podpisoval súhlasy na priame predaje lukratívneho likvidovaného majetku. Na likvidácii š.p. Interhotel Ružomberok zostali škvrny. V Niklovej hute Sereď odstraňujú ekologické resty. Pôdohospodárske podniky na svojej likvidácii nešetrili. Štát prišiel pri likvi...

Description complète

Enregistré dans:
Détails bibliographiques
Auteur principal: Šporer, Peter
Format: Chapitre de livre
Langue:slovaque
Sujets:
Tags: Ajouter un tag
Pas de tags, Soyez le premier à ajouter un tag!

MARC

LEADER 00000naa a2200000 4500
001 r034232
005 20230921103317.9
041 0 |a slo 
044 |a SK 
245 1 0 |a Likvidácia štátnych podnikov  |c Peter Šporer 
520 |a Z obsahu: Minister privatizácie rozšafne podpisoval súhlasy na priame predaje lukratívneho likvidovaného majetku. Na likvidácii š.p. Interhotel Ružomberok zostali škvrny. V Niklovej hute Sereď odstraňujú ekologické resty. Pôdohospodárske podniky na svojej likvidácii nešetrili. Štát prišiel pri likvidáciách o stovky miliónov korún. 
610 2 0 |a privatizácia 
610 2 0 |a podnik štátny 
610 2 0 |a likvidácia podniku 
610 2 0 |a predaj priamy 
610 2 0 |a ceny kúpne 
610 2 0 |a pôdohospodárstvo 
610 2 0 |a Slovensko 
610 2 0 |a kontrola 
610 2 0 |a NKÚ SR Bratislava 
100 1 |a Šporer, Peter